00405nam a2200169Ia 4500008004100000020001800041050001400059100002000073245001700093245002300110260001300133260003100146260000900177300001400186300002500200300001000225180207s9999 xx 000 0 und d a9780316328692 bG849 1993 aGrifalconi, Ann aKinda blue / cby Ann Grifalconi. aBoston : bLittle, Brown and Company, c1993 aunpaged : bcolor illustration ; c28cm.